Statystyki dla Państwa afryki bez dostepu do morza

Kliknij tutaj aby rozwiązać quiz!

Ogólne statystyki

  • Ten quiz został rozwiązany 49 razy
  • Średni wynik to 11 z 14

Statystyki odpowiedzi

L.p.Kraj% Poprawnych
13Lesotho
88%
2Czad
86%
14Eswatini
83%
3Niger
83%
5Republika Środkowoafrykańska
83%
8Rwanda
83%
7Uganda
83%
12Botswana
79%
1Mali
79%
6Sudan Południowy
79%
9Burundi
76%
11Zimbabwe
76%
10Zambia
71%
4Burkina Faso
64%

Rozkład punktacji

Percentyl według liczby udzielonych odpowiedzi

Procent ludzi z każdym wynikiem

Twoja historia wyników

Nie rozwiązałeś tego quizu